Loading...
| History - American | 0 | 8 | 0 | 2 | 80 | 74 | 105.88 | 0 | 1 | 0.00 | 0.00 |
| Literature - European | 0 | 8 | 0 | 2 | 80 | 37 | 103.38 | 1 | 3 | 0.00 | 0.00 |
| Philosophy | 0 | 8 | 1 | 1 | 75 | 54 | 93.88 | 1 | 5 | 0.00 | 0.00 |
| Social Science | 0 | 7 | 0 | 0 | 70 | 66 | 86.14 | 0 | 6 | 0.00 | 0.00 |
| Literature - American | 0 | 7 | 1 | 1 | 65 | 25 | 97.57 | 0 | 4 | 0.00 | 0.00 |
| Fine Arts - Other | 0 | 5 | 0 | 2 | 50 | 99 | 124.00 | 0 | 1 | 0.00 | 0.00 |
| Science - Physics | 0 | 5 | 1 | 1 | 45 | 77 | 107.00 | 1 | 3 | 0.00 | 0.00 |
| Science - Chemistry | 0 | 5 | 1 | 1 | 45 | 55 | 83.80 | 1 | 3 | 0.00 | 0.00 |
| Fine Arts - Classical Music | 0 | 5 | 1 | 1 | 45 | 98 | 107.20 | 0 | 0 | 0.00 | 0.00 |
| Literature - British | 0 | 5 | 2 | 0 | 40 | 65 | 104.80 | 0 | 3 | 0.00 | 0.00 |
| Science - Biology | 0 | 5 | 2 | 0 | 40 | 81 | 93.20 | 0 | 2 | 0.00 | 0.00 |
| Literature - World | 0 | 4 | 0 | 0 | 40 | 118 | 134.75 | 0 | 1 | 0.00 | 0.00 |
| Science - Other | 0 | 5 | 3 | 0 | 35 | 45 | 81.80 | 1 | 5 | 0.00 | 0.00 |
| Mythology | 0 | 4 | 1 | 1 | 35 | 67 | 111.75 | 0 | 2 | 0.00 | 0.00 |
| History - Other | 0 | 4 | 1 | 0 | 35 | 58 | 94.00 | 0 | 2 | 0.00 | 0.00 |
| Fine Arts - Painting and Sculpture | 0 | 3 | 1 | 1 | 25 | 109 | 120.00 | 0 | 1 | 0.00 | 0.00 |
| Current Events | 0 | 2 | 0 | 0 | 20 | 64 | 79.50 | 0 | 1 | 0.00 | 0.00 |
| History - European | 0 | 3 | 2 | 1 | 20 | 102 | 112.67 | 0 | 0 | 0.00 | 0.00 |
| Other Academic | 0 | 2 | 0 | 0 | 20 | 53 | 70.00 | 1 | 2 | 0.00 | 0.00 |
| Pop Culture | 0 | 2 | 0 | 0 | 20 | 96 | 98.50 | 0 | 0 | 0.00 | 0.00 |
| Religion | 0 | 4 | 4 | 1 | 20 | 68 | 98.00 | 2 | 3 | 0.00 | 0.00 |
| Geography | 0 | 2 | 0 | 1 | 20 | 106 | 122.00 | 0 | 0 | 0.00 | 0.00 |
| History - World | 0 | 2 | 3 | 1 | 5 | 104 | 126.50 | 0 | 0 | 0.00 | 0.00 |